| 000 | 00563nam a22001937a 4500 | ||
|---|---|---|---|
| 005 | 20251108164244.0 | ||
| 008 | 250721s1995 xx 000 0 ara d | ||
| 082 | 1 | 4 | _a329/مرش |
| 100 | 1 | _aالحوراني، هاني | |
| 245 | 1 | 0 | _aالمرشد إلى الحزب السياسي / |
| 264 | 1 |
_aعمان : _bدار سندباد للنشر، _c1995. |
|
| 300 | _a144ص | ||
| 650 | 1 | 7 | _aالأحزاب السياسية |
| 650 | 1 | 7 | _aالأحزاب السياسية |
| 650 | 1 | 7 | _aالأردن |
| 650 | 1 | 7 | _aألمانيا |
| 942 |
_2ddc _cBK |
||
| 999 |
_c7611 _d7611 |
||